000 00328nam a22001457a 4500
008 210303b ||||| |||| 00| 0 eng d
020 _a9781337052160
041 _aeng
080 _28th
_a510
082 _a510
100 _a36
101 _aMAT
245 _aCalculus Single & Multi-Variable
_cStewart, J
942 _2udc
_cBK
999 _c55580
_d55580